000 00600nam a2200253Ia 4500
005 20260121153807.0
008 008 260114s9999 xx 000 0 eng d
020 _a9780203965931
037 _aEBOOK
040 _aCRL
040 _beng
040 _cCRL
041 _2eng
041 _aeng
084 _qCRL
100 _aPhillip W. Jones
_9999194
245 0 _aWorld Bank Financing of Education
260 _bTaylor and Francis
260 _c2007
856 _uhttp://www.taylorfrancis.com/books/9780203965931
942 _cEBOOK
999 _c1566015
_d1566015